000
00277nam a2200109Ia 4500
001
587534
005
20250717113817.0
008
250717s9999 xx 000 0 und d
245
0
_a
X-12 HAYVANLAR ANSİKLOPEDİSİ
_c
LUCY SPELMAN
260
_b
BETA YAYINLARI
_c
2020
300
_b
267
999
_c
587534
_d
587534